NFL Draft 1997 Quarterbacks Drafted - Statistics

General Stats
  • This quiz has been taken 2 times
  • The average score is 2 of 11
Answer Stats
Round Player Team College % Correct
2 Jake Plummer Cardinals Arizona State
100%
4 Danny Wuerffel Saints Florida
50%
7 Koy Detmer Eagles Colorado
50%
6 Chuck Clements Jets Houston
0%
1 Jim Druckenmiller 49ers Virginia Tech
0%
6 Mike Cherry Giants Murray State
0%
4 Pat Barnes Chiefs California
0%
7 Ronnie McAda Packers Army
0%
7 Tony Corbin Chargers Sacramento State
0%
7 Tony Graziani Falcons Oregon
0%
7 Wally Richardson Ravens Penn State
0%
No matching quizzes found
Score Distribution
Percent of People with Each Score
Percentile by Number Answered
Your Score History
You have not taken this quiz